The Evolution of Reason : Logic as a Branch of Biology
Na minha lista:
| Autor principal: | |
|---|---|
| Formato: | Livro |
| Idioma: | inglês |
| Publicado em: |
CambridgeCambridge :
Cambridge University Press,
2001
|
| Assuntos: | |
| Tags: |
Sem tags, seja o primeiro a adicionar uma tag!
|
MARC
| LEADER | 00000nam a22000003a 4500 | ||
|---|---|---|---|
| 001 | stu137608 | ||
| 005 | 20150617225922.6 | ||
| 008 | 070205s2001----uk------------------eng-d | ||
| 020 | |a 0 521 54025 9 | ||
| 040 | |a STU |b slo | ||
| 041 | 0 | |a eng | |
| 044 | |a uk | ||
| 100 | 1 | |a Cooper, William S. |4 aut | |
| 245 | 1 | |a The Evolution of Reason : |b Logic as a Branch of Biology | |
| 260 | |a CambridgeCambridge : |b Cambridge University Press, |c 2001 | ||
| 300 | |a 226 s | ||
| 650 | 7 | |a logika |2 stusub | |
| 650 | 7 | |a evolúcia |2 stusub | |
| 650 | 7 | |a biológia |2 stusub | |
| 996 | |b I5602 |c I*5602 |l II680 |s A |a 24 |w stu137608_0001 | ||